000 01253cad a22002175a 4500
001 L139515
008 070730s2007 xxkd f 000 0 eng d
035 _a(Sirsi) u139515
041 0 _aeng
050 0 4 _a333.33 $2 18
110 2 _aNelson Bakewell
_92525
245 0 2 _aA guide to European economic and real estate markets
_h[electronic resource]
260 _a[S.l.]
_bNelson Bakewell
_c2007
490 0 _aNelson Bakewell European Economic and Real Estate Digest
520 _aProvides an overview of the economies and real estate markets of 42 European countries and includes details of major national and regional infrastructure projects that are likely to impact on the demand for real estate. Reveals that real estate performance in Europe is buoyant, although there are distinct cold and hot spots. For example, over the last five years real estate returns in the UK averaged 12.9%, compared to only 3% in Germany. Predicts continued growth for Europe's office, retail and industrial markets over the next few years.
590 _aKA
651 4 _aEurope
690 _aPROPERTY-COMMERCIAL PROPERTY-COMMERCIAL PROPERTY MARKET
856 4 0 _uwww.nelson-bakewell.com
_zView the item free of charge at www.nelson-bakewell.com...
942 _n0
999 _c107309
_d107309